[Event "La Vila Region-ch Preferente"]
[Site "La Vila"]
[Date "2015.10.24"]
[Round "3.8"]
[White "Toledo Vicedo, Beltran"]
[Black "Navarro Lopez Menchero, Alvaro"]
[Result "1-0"]
[WhiteElo "1519"]
[BlackElo "1706"]
[PlyCount "47"]
[EventDate "2015.10.03"]
[EventType "swiss"]
[EventRounds "7"]
[EventCountry "ESP"]
[SourceTitle "EXT 2024"]
[Source "ChessBase"]
[SourceDate "2023.10.10"]
[SourceVersion "1"]
[SourceVersionDate "2023.10.10"]
[SourceQuality "1"]

1. d4 d5 2. c4 dxc4 3. Nf3 Nf6 4. Nc3 Bg4 5. e3 e6 6. Bxc4 Nc6 7. 0-0 Be7 8. h3 Bf5 9. Re1 0-0 10. e4 Bg6 11. d5 Na5 12. Bf1 Bb4 13. Bg5 Bxc3 14. bxc3 Qd7 15. Ne5 Qd6 16. Nxg6 hxg6 17. Qa4 Nh7 18. Bc1 b6 19. Ba3 Qe5 20. Bxf8 Nxf8 21. Qd4 Qg5 22. dxe6 Nxe6 23. Qd5 Qf6 24. Qxa8+ 1-0

[Event "Provincial-ch Xixona Preferente"]
[Site "Xixona"]
[Date "2014.11.15"]
[Round "6.5"]
[White "Navarro Lopez Menchero, Alvaro"]
[Black "Lario Cortes, Jose Maria"]
[Result "0-1"]
[WhiteElo "1574"]
[BlackElo "1491"]
[PlyCount "57"]
[EventDate "2014.09.27"]
[EventType "swiss"]
[EventRounds "7"]
[EventCountry "ESP"]
[SourceTitle "EXT 2024"]
[Source "ChessBase"]
[SourceDate "2023.10.10"]
[SourceVersion "1"]
[SourceVersionDate "2023.10.10"]
[SourceQuality "1"]

1. d4 c5 2. Nf3 d5 3. dxc5 Nf6 4. a3 Nc6 5. e3 e5 6. Bb5 Qc7 7. b4 a5 8. c3 Bg4 9. Qc2 Bxf3 10. gxf3 Be7 11. Nd2 0-0 12. Bxc6 Qxc6 13. Bb2 b6 14. cxb6 axb4 15. b7 Qxb7 16. cxb4 Rfc8 17. Qd3 Bxb4 18. Bxe5 Qe7 19. Bxf6 Qxf6 20. 0-0 Bxd2 21. Qxd2 Qxf3 22. Qd1 Qe4 23. Qh5 Ra6 24. Rfd1 Rg6+ 25. Kf1 Qc4+ 26. Qe2 Rg1+ 27. Kxg1 Qxe2 28. Rxd5 Qg4+ 29. Kf1 0-1

[Event "San Vicente IRT"]
[Site "San Vicente"]
[Date "2014.07.22"]
[Round "4.5"]
[White "Navarro Lopez Menchero, Alvaro"]
[Black "Sempere Rico, Andres"]
[Result "0-1"]
[WhiteElo "1531"]
[BlackElo "1746"]
[PlyCount "122"]
[EventDate "2014.07.21"]
[EventType "swiss"]
[EventRounds "8"]
[EventCountry "ESP"]
[SourceTitle "EXT 2024"]
[Source "ChessBase"]
[SourceDate "2023.10.10"]
[SourceVersion "1"]
[SourceVersionDate "2023.10.10"]
[SourceQuality "1"]

1. d4 b6 2. c4 Bb7 3. Nf3 Nf6 4. e3 e6 5. Be2 Be7 6. 0-0 0-0 7. Nbd2 c5 8. b3 Ne4 9. Nxe4 Bxe4 10. Nd2 Bb7 11. Bf3 d5 12. cxd5 Bxd5 13. Bxd5 Qxd5 14. dxc5 Bxc5 15. Nf3 Rd8 16. Bb2 Nc6 17. Qe2 Qd3 18. Qxd3 Rxd3 19. Rfd1 Rad8 20. Rxd3 Rxd3 21. Kf1 f6 22. Ke2 Rd7 23. a3 a5 24. Rc1 e5 25. Nd2 Na7 26. Ne4 Bf8 27. a4 Bb4 28. Bc3 Ba3 29. Rd1 Rxd1 30. Kxd1 Nc6 31. Kc2 Kf7 32. Kd3 Ke6 33. Kc4 Kd7 34. Kb5 Kc7 35. Nd2 Na7+ 36. Ka6 Nc8 37. Nc4 Bc5 38. Nxe5 fxe5 39. Bxe5+ Bd6 40. Bxg7 Bxh2 41. f4 Bg1 42. Bd4 Bh2 43. g4 Bg3 44. Kb5 Nd6+ 45. Ka6 Nc8 46. g5 Bh4 47. e4 Kc6 48. Be3 Be1 49. f5 Nd6 50. f6 Nxe4 51. Bxb6 Nxg5 52. Bxa5 Bxa5 53. Kxa5 h5 54. b4 h4 55. b5+ Kb7 56. b6 h3 57. Kb5 h2 58. a5 h1Q 59. a6+ Kc8 60. Kc5 Qc1+ 61. Kd6 Qa3+ 0-1

[Event "ESP-chT U16"]
[Site "Benidorm"]
[Date "2010.12.07"]
[Round "5"]
[White "Navarro Lopez Menchero, Alvaro"]
[Black "Nieves Cabanes, Javier"]
[Result "1/2-1/2"]
[WhiteElo "1457"]
[BlackElo "1802"]
[PlyCount "122"]
[EventDate "2010.12.04"]
[EventType "team"]
[EventRounds "6"]
[EventCountry "ESP"]
[SourceTitle "EXT 2014"]
[Source "ChessBase"]
[SourceDate "2013.11.20"]
[SourceVersion "1"]
[SourceVersionDate "2013.11.20"]
[SourceQuality "1"]

1. d4 d5 2. c4 c6 3. Nf3 Nf6 4. g3 e6 5. Bg2 Nbd7 6. b3 Bd6 7. 0-0 0-0 8. Qc2 Qe7 9. Bb2 dxc4 10. Qxc4 e5 11. dxe5 Nxe5 12. Nxe5 Bxe5 13. Qc2 Bf5 14. e4 Bxb2 15. Qxb2 Bxe4 16. Bxe4 Qxe4 17. Nd2 Qg4 18. Rfe1 Rad8 19. Nf1 Rfe8 20. Ne3 Qf3 21. Qe2 Qxe2 22. Rxe2 Re6 23. Ree1 Kf8 24. Rad1 Red6 25. Rxd6 Rxd6 26. Nc4 Rd5 27. Re2 Ne8 28. Kf1 Nd6 29. Ne3 Rd3 30. h4 b6 31. Ng4 f6 32. Re6 Kf7 33. Re3 Rxe3 34. Nxe3 Ne4 35. Nd1 Ke6 36. Ke2 b5 37. Ke3 Ke5 38. Nb2 b4 39. Nd3+ Kd5 40. Nxb4+ Kc5 41. Nxc6 Nxg3 42. Nxa7 Nf5+ 43. Kf4 Nxh4 44. Nc8 Ng6+ 45. Ke4 h5 46. Kf5 Nh4+ 47. Kf4 g5+ 48. Kg3 Nf5+ 49. Kh3 g4+ 50. Kh2 h4 51. a4 Nd4 52. a5 Kb5 53. b4 Nc6 54. Nd6+ Kxb4 55. Ne8 f5 56. Ng7 f4 57. Nh5 f3 58. Nf6 g3+ 59. fxg3 f2 60. Kg2 hxg3 61. Ne4 Kxa5 1/2-1/2

[Event "ESP-chT U16"]
[Site "Benidorm"]
[Date "2010.12.05"]
[Round "2"]
[White "Navarro Lopez Menchero, Alvaro"]
[Black "Abascal Lozano, Ivan"]
[Result "1-0"]
[WhiteElo "1457"]
[BlackElo "1753"]
[PlyCount "126"]
[EventDate "2010.12.04"]
[EventType "team"]
[EventRounds "6"]
[EventCountry "ESP"]
[SourceTitle "EXT 2014"]
[Source "ChessBase"]
[SourceDate "2013.11.20"]
[SourceVersion "1"]
[SourceVersionDate "2013.11.20"]
[SourceQuality "1"]

1. d4 Nf6 2. Nf3 g6 3. c4 Bg7 4. g3 d6 5. Bg2 0-0 6. 0-0 Nbd7 7. Re1 e5 8. e3 c6 9. Nc3 Ne8 10. d5 Nb6 11. Qe2 cxd5 12. cxd5 f5 13. e4 Nc7 14. Bg5 Qe8 15. Qd2 Qf7 16. exf5 Bxf5 17. Nh4 Kh8 18. Rf1 Rae8 19. Nxf5 Qxf5 20. Be4 Qd7 21. Bh6 Re7 22. Bxg7+ Kxg7 23. Rad1 Ne8 24. b3 Nf6 25. Kg2 Rc8 26. f3 Rf7 27. Qd3 Rh8 28. Qb5 Qd8 29. Na4 Nxa4 30. Qxa4 a6 31. Qc4 h5 32. Bb1 Rc7 33. Qd3 Qe8 34. Rc1 Rd7 35. Rc8 Qf7 36. Rxh8 Kxh8 37. Qxg6 Qxg6 38. Bxg6 Nxd5 39. Rc1 Nf6 40. Be4 Nxe4 41. fxe4 Kg7 42. Rc2 Kf6 43. Rf2+ Ke6 44. Rd2 Rf7 45. h3 Rg7 46. Kf3 Rf7+ 47. Kg2 Ke7 48. g4 Rf4 49. gxh5 Rxe4 50. Kg3 Rf4 51. h4 Ke6 52. a3 d5 53. a4 d4 54. a5 Kd5 55. Rf2 d3 56. h6 Ke4 57. h7 d2 58. Re2+ Kd3 59. Rxd2+ Kxd2 60. h8Q Re4 61. Qd8+ Ke3 62. Qb6+ Rd4 63. h5 Kd2 1-0